[Event "Sautron op 19th"]
[Site "Sautron"]
[Date "2019.10.19"]
[Round "8.12"]
[White "Hogan, Nawzad"]
[Black "Chipanga, Takaedza"]
[Result "1/2-1/2"]
[WhiteElo "1846"]
[BlackElo "2035"]
[PlyCount "56"]
[EventDate "2019.12.10"]
[EventType "swiss"]
[EventRounds "9"]
[EventCountry "FRA"]
[SourceTitle "EXT 2022"]
[Source "ChessBase"]
[SourceDate "2021.10.06"]
[SourceVersion "1"]
[SourceVersionDate "2021.10.06"]
[SourceQuality "1"]

1. Nf3 c5 2. c4 Nc6 3. d4 cxd4 4. Nxd4 Nf6 5. Nc3 e6 6. Ndb5 d6 7. Bf4 e5 8. Bg5 a6 9. Bxf6 gxf6 10. Na3 f5 11. e4 fxe4 12. Nxe4 Bf5 13. Bd3 Bg6 14. 0-0 f5 15. Nc3 Bg7 16. Nc2 0-0 17. f4 e4 18. Be2 Qb6+ 19. Kh1 Qxb2 20. Nd5 Nd4 21. Nxd4 Qxd4 22. Qb3 Qc5 23. Rab1 Rf7 24. Qg3 Bd4 25. Qh4 Re8 26. h3 Qc8 27. Rbd1 Qc5 28. Rb1 Qc8 1/2-1/2